00963pam 2200289 a 4500001000800000005001700008008004100025035002100066906004500087955002700132010001700159020001500176040001800191050001900209082001200228100002600240245007900266260004400345300002400389500004700413504004100460650001600501650003400517740003400551991005800585099003000643338292519890810074007.4880603s1989 enk b 001 0 eng  9(DLC) 88018296 a7bcbccorignewd1eocipf19gy-gencatlg aCIP ver. hr09 07-22-89 a 88018296  a0415028299 aDLCcDLCdDLC00aB72b.M48 198900a1902191 aMidgley, Mary,d1919-10aWisdom, information, and wonder :bwhat is knowledge for? /cMary Midgley. aLondon ;aNew York :bRoutledge,c1989. ax, 275 p. ;c23 cm. aSpine title: Wisdom, information & wonder. aIncludes bibliographical references. 0aPhilosophy. 0aOrdinary-language philosophy.0 aWisdom, information & wonder. bc-GenCollhB72i.M48 1989p00019491821tCopy 1wBOOKS amidgley-wisdom-1072034938